000 00617cam a2200145 4500500
005 20260208010607.0
041 _afre
042 _adc
100 1 0 _aVerdeau, Patricia
_eauthor
245 0 0 _aLaurent Van Eynde, Shakespeare. Les puissances du théâtre. Un essai philosophique, Paris, Kimé, 2005, coll. « Le Sens de l’histoire », 238 p., 24 E.
260 _c2006.
500 _a26
786 0 _nRevue philosophique de la France et de l'étranger | 131 | 1 | 2006-03-01 | p. 77zw-138zw | 0035-3833
856 4 1 _uhttps://shs.cairn.info/revue-philosophique-2006-1-page-77zw?lang=fr&redirect-ssocas=7080
999 _c1657272
_d1657272